[Event "Marseille op 4th"]
[Site "Marseille"]
[Date "2011.12.27"]
[Round "4"]
[White "Mzembaba, Nasser"]
[Black "Sanchez, Frederic"]
[Result "0-1"]
[WhiteElo "1470"]
[BlackElo "1684"]
[PlyCount "58"]
[EventDate "2011.12.26"]
[EventType "swiss"]
[EventRounds "9"]
[EventCountry "FRA"]
[SourceTitle "CBM 146 Extra"]
[Source "ChessBase"]
[SourceDate "2012.02.29"]
[SourceVersion "1"]
[SourceVersionDate "2012.02.29"]
[SourceQuality "1"]

1. d4 d5 2. c4 c6 3. Nc3 Nf6 4. Nf3 e6 5. Bg5 Nbd7 6. e3 Be7 7. Bd3 dxc4 8. Bxc4 b5 9. Bd3 Bb7 10. 0-0 h6 11. Bh4 0-0 12. Rc1 a6 13. Qe2 Rc8 14. Rfd1 Re8 15. Bg3 Qb6 16. Ne5 c5 17. b3 cxd4 18. exd4 Nxe5 19. dxe5 Nd5 20. Ne4 Ba3 21. Nd6 Rxc1 22. Rxc1 Bxc1 23. Nxe8 Nc3 24. Qg4 Bg5 25. Bh4 Qd8 26. Nd6 Bxh4 27. Nxf7 Kxf7 28. Qg6+ Kf8 29. Qh7 Qg5 0-1

[Event "Marseille op 4th"]
[Site "Marseille"]
[Date "2011.12.26"]
[Round "1"]
[White "Cattaneo, Romain"]
[Black "Mzembaba, Nasser"]
[Result "1-0"]
[WhiteElo "1886"]
[BlackElo "1470"]
[PlyCount "105"]
[EventDate "2011.12.26"]
[EventType "swiss"]
[EventRounds "9"]
[EventCountry "FRA"]
[SourceTitle "CBM 146 Extra"]
[Source "ChessBase"]
[SourceDate "2012.02.29"]
[SourceVersion "1"]
[SourceVersionDate "2012.02.29"]
[SourceQuality "1"]

1. e4 e5 2. Bc4 Nf6 3. Nc3 Bb4 4. a3 Bxc3 5. dxc3 0-0 6. Bg5 d6 7. f3 a6 8. Qd2 b5 9. Bb3 Qe7 10. Ne2 Bb7 11. Ng3 Nbd7 12. Nf5 Qe8 13. Bxf6 Nxf6 14. Qg5 g6 15. Qxf6 gxf5 16. Qxf5 Qe7 17. 0-0 Rad8 18. Rad1 c5 19. Bd5 Bc8 20. Qh5 Kh8 21. f4 f6 22. f5 Bb7 23. Rf3 Bxd5 24. Rxd5 Rg8 25. Rfd3 Qa7 26. Kh1 c4 27. Rd2 Qe3 28. Qe2 Qf4 29. Qf3 Rg4 30. Qxf4 Rxf4 31. Kg1 Rxe4 32. Rxd6 Rxd6 33. Rxd6 Kg7 34. Rxa6 Re1+ 35. Kf2 Rb1 36. Ra7+ Kg8 37. b3 cxb3 38. cxb3 Rxb3 39. Rc7 Rxa3 40. g3 Ra4 41. Ke3 Rc4 42. Rxc4 bxc4 43. Ke4 Kf7 44. Kd5 Ke7 45. g4 h6 46. h4 Kd7 47. Kxc4 Kd6 48. Kd3 Kd5 49. c4+ Kc5 50. Ke4 Kd6 51. c5+ Kxc5 52. g5 fxg5 53. Kxe5 1-0